000 00520nam a2200169Ia 4500
005 20250508151734.0
008 008 250505s9999 xx 000 0 eng d
037 _aTextual
040 _aFEDL
_beng
_cFEDL
041 _aeng
_2eng
084 _a360.954, IND
_qFEDL
245 0 _aKurukshertra : A symposium on community development in India (1952-1955)
260 _aDelhi, India
_bThe Publications Division
_c1955
300 _aviii,525p.
942 _cTEXL
_h360.954, IND
999 _c1331819
_d1331819